| 000 | 00848nam a2200241 a 4500 | ||
|---|---|---|---|
| 001 | 000042613 | ||
| 005 | 20201002040256.0 | ||
| 008 | 140131s1983 sp 000 0 spa d | ||
| 020 | _a8472230759 | ||
| 040 |
_aDO-SdBNP _bspa _cBNPHU |
||
| 082 |
_axxxx _bxxxx |
||
| 100 | 1 |
_aDürrenmatt, Friedrich, _d1921-1990 _940731 |
|
| 240 | 1 | 0 |
_aAlbert Einstein, ein Vortrag. _lEspanol |
| 245 | 1 | 0 |
_aAlbert Einstein : _buna conferencia / _cFriedrich Durrenmatt ; tradicción del alemán de Juan del Solar. |
| 260 |
_aBarcelona, España : _bTusquets Editores, _c1983. |
||
| 300 |
_a60 p. ; _c19 cm. |
||
| 490 | 1 |
_aMarginales ; _v75 ; |
|
| 500 | _aIncluye datos biográficos del autor en las solapas | ||
| 500 | _aTraducido del idimo Alemán. | ||
| 590 | _aInventariado, 2019/ YL | ||
| 700 | 1 | 2 |
_aSolar, Juan del _etr. _969864 |
| 830 | 0 |
_aMarginales _n75 _969865 |
|
| 999 |
_c42102 _d42102 |
||